00824nam a2200229 a 450000100100000000500170001000800410002702000150006804000250008308200130010824500980012126000270021930000360024649000250028250400740030750400540038170000270043570000260046270000270048871000540051583000250056900004196820201002035847.0090819s1987 sp ac 000 0 spa d a8400067312 aDO-SdBNPbspacBNPHU axxxbxxx00aPerspectivas psiquiátricas /ccoordinadores Rafael Huertas, Ana I. Romero, Raquel Alvarez,. aMadrid :bCSIC,c1987. a278 p. :bil., retrs. ;c25 cm.1 aNuevas tendenciasv6 aIncluye referencias biobliográficas y notas al pie de las páginas aIncluye bibliografía al final de los capítulo1 aHuertas, Rafaelecoor.12aRomero, Ana I.ecoor.1 aAlvarez Pelaez, Raquel2 aConsejo Superior de Investigaciones Científicas 0aNuevas tendenciasn6